000 00464pab a2200169 454500
008 180718b2008 xxu||||| |||| 00| 0 eng d
100 _aSahu, Gagan Bihari
245 _aSupply analysis of institutional credit to agriculture for major states in India
260 _c2008
300 _ap.325-40.
362 _aAug
650 _aAgricultural credit - India
650 _aAgricultural credit
773 _aAsian Economic Review
908 _aN
909 _a79743
999 _c79743
_d79743